000 00435nam a2200181Ia 4500
001 3171
005 20260306144901.0
008 260306t2011||||xx |||||||||||||| ||spa||
041 _aESP
082 _a261.8
_bF36
100 _aFelice, Flavio
_eAUT
245 0 _aApuntes sobre la DSI:
_blas tareas pendientes de la pastoral social
260 _c2011
300 _a
_c
650 _aGEN
654 _aCHU
942 _cLIB
_dJUS
_fJUS
_2ddc
_n
999 _c3171
_d3171